[Event "DEM U10 2024"]
[Site "Willingen GER"]
[Date "2024.05.22"]
[Round "7"]
[White "Sander, Tino"]
[Black "Stoyanov, Victor"]
[Result "1/2-1/2"]
[Termination "normal"]
[Board "9"]
[WhiteElo "1724"]
[BlackElo "1658"]
[WhiteClock "00:03:58"]
[BlackClock "00:02:48"]
[PlyCount "135"]
[WhiteFideId "34636110"]
[BlackFideId "5401240"]
[EventCountry "GER"]
[EventRounds "11"]
[EventType "swiss"]
[EventDate "2024.05.18"]

1. e4 {[%clk 01:15:55]} {[%emt 00:00:03]} c5 {[%clk 01:15:57]} {[%emt
00:00:05]} 2. Nf3 {[%clk 01:16:12]} {[%emt 00:00:12]} d6 {[%clk 01:16:24]}
{[%emt 00:00:04]} 3. d4 {[%clk 01:16:26]} {[%emt 00:00:16]} cxd4 {[%clk
01:16:50]} {[%emt 00:00:04]} 4. Nxd4 {[%clk 01:16:40]} {[%emt 00:00:16]} Nf6
{[%clk 01:17:15]} {[%emt 00:00:04]} 5. Nc3 {[%clk 01:16:55]} {[%emt 00:00:15]}
a6 {[%clk 01:17:35]} {[%emt 00:00:12]} 6. Bc4 {[%clk 01:17:15]} {[%emt
00:00:08]} e6 {[%clk 01:17:57]} {[%emt 00:00:09]} 7. Bb3 {[%clk 01:17:36]}
{[%emt 00:00:08]} Be7 {[%clk 01:16:03]} {[%emt 00:02:25]} 8. g4 {[%clk
01:16:58]} {[%emt 00:01:07]} h6 {[%clk 01:14:33]} {[%emt 00:02:01]} 9. Be3
{[%clk 01:08:07]} {[%emt 00:09:21]} Nc6 {[%clk 01:12:02]} {[%emt 00:03:01]} 10.
h3 {[%clk 01:02:57]} {[%emt 00:05:40]} Bd7 {[%clk 01:09:01]} {[%emt 00:03:32]}
11. a3 {[%clk 00:59:24]} {[%emt 00:04:03]} Qc7 {[%clk 01:05:53]} {[%emt
00:03:38]} 12. Qd3 {[%clk 00:55:30]} {[%emt 00:04:21]} Rc8 {[%clk 00:51:57]}
{[%emt 00:14:28]} 13. O-O-O {[%clk 00:45:29]} {[%emt 00:10:31]} Na5 {[%clk
00:46:37]} {[%emt 00:05:50]} 14. f4 {[%clk 00:38:11]} {[%emt 00:07:48]} Nxb3+
{[%clk 00:44:41]} {[%emt 00:02:26]} 15. Nxb3 {[%clk 00:38:10]} {[%emt
00:00:31]} Rd8 {[%clk 00:39:36]} {[%emt 00:05:36]} 16. Rdg1 {[%clk 00:32:55]}
{[%emt 00:05:40]} Bc6 {[%clk 00:32:59]} {[%emt 00:07:11]} 17. h4 {[%clk
00:29:52]} {[%emt 00:03:32]} h5 {[%clk 00:29:49]} {[%emt 00:03:40]} 18. g5
{[%clk 00:19:38]} {[%emt 00:10:44]} Ng4 {[%clk 00:27:57]} {[%emt 00:02:23]} 19.
Nd4 {[%clk 00:18:58]} {[%emt 00:01:10]} Kd7 {[%clk 00:11:39]} {[%emt 00:16:48]}
20. f5 {[%clk 00:15:32]} {[%emt 00:03:54]} g6 {[%clk 00:09:57]} {[%emt
00:02:14]} 21. Rf1 {[%clk 00:05:46]} {[%emt 00:10:14]} Rdf8 {[%clk 00:04:10]}
{[%emt 00:06:19]} 22. Nxc6 {[%clk 00:03:57]} {[%emt 00:02:19]} Qxc6 {[%clk
00:04:14]} {[%emt 00:00:26]} 23. Bd4 {[%clk 00:04:05]} {[%emt 00:00:16]} Rhg8
{[%clk 00:04:10]} {[%emt 00:00:40]} 24. Kd2 {[%clk 00:02:02]} {[%emt 00:02:33]}
Kc7 {[%clk 00:02:30]} {[%emt 00:02:10]} 25. fxg6 {[%clk 00:01:48]} {[%emt
00:00:44]} fxg6 {[%clk 00:02:19]} {[%emt 00:00:42]} 26. Rxf8 {[%clk 00:02:07]}
{[%emt 00:00:10]} Rxf8 {[%clk 00:02:36]} {[%emt 00:00:14]} 27. Rf1 {[%clk
00:02:08]} {[%emt 00:00:28]} Qe8 {[%clk 00:00:49]} {[%emt 00:02:17]} 28. Qc4+
{[%clk 00:00:45]} {[%emt 00:01:52]} Kd7 {[%clk 00:00:41]} {[%emt 00:00:39]} 29.
Qa4+ {[%emt 00:00:18]} Kc7 {[%clk 00:00:37]} {[%emt 00:00:33]} 30. Qxe8 {[%clk
00:01:21]} {[%emt 00:00:08]} Rxe8 {[%clk 00:01:06]} 31. Rf7 {[%clk 00:01:39]}
{[%emt 00:00:12]} Kd8 {[%clk 00:00:35]} {[%emt 00:00:59]} 32. Rg7 {[%clk
00:01:39]} {[%emt 00:00:30]} Rh8 {[%emt 00:00:36]} 33. Rxe7 {[%clk 00:01:52]}
{[%emt 00:00:14]} Kxe7 {[%clk 00:00:58]} {[%emt 00:00:05]} 34. Bxh8 {[%clk
00:02:15]} {[%emt 00:00:07]} e5 {[%clk 00:00:35]} {[%emt 00:00:54]} 35. Nd5+
{[%clk 00:02:38]} {[%emt 00:00:06]} Ke6 {[%clk 00:00:59]} {[%emt 00:00:06]} 36.
Bf6 {[%clk 00:02:45]} {[%emt 00:00:23]} Nf2 {[%clk 00:01:07]} {[%emt 00:00:22]}
37. Nc3 {[%clk 00:03:00]} {[%emt 00:00:16]} Kd7 {[%clk 00:00:44]} {[%emt
00:00:53]} 38. Ke3 {[%clk 00:03:07]} {[%emt 00:00:19]} Ng4+ {[%clk 00:01:03]}
{[%emt 00:00:15]} 39. Kd3 {[%clk 00:03:27]} {[%emt 00:00:08]} b5 {[%clk
00:00:40]} {[%emt 00:00:54]} 40. a4 {[%clk 00:03:20]} {[%emt 00:00:37]} bxa4
{[%clk 00:00:36]} {[%emt 00:00:34]} 41. Nxa4 {[%clk 00:03:39]} {[%emt
00:00:10]} Nxf6 {[%clk 00:00:57]} {[%emt 00:00:11]} 42. gxf6 {[%clk 00:04:02]}
{[%emt 00:00:07]} Ke6 {[%clk 00:01:22]} {[%emt 00:00:05]} 43. Kc4 {[%clk
00:04:22]} {[%emt 00:00:06]} Kxf6 {[%clk 00:01:24]} {[%emt 00:00:32]} 44. Nc3
{[%clk 00:04:40]} {[%emt 00:00:11]} g5 {[%clk 00:01:28]} {[%emt 00:00:27]} 45.
Kd3 {[%clk 00:02:27]} {[%emt 00:02:43]} gxh4 {[%clk 00:01:38]} {[%emt
00:00:20]} 46. Ke2 {[%clk 00:02:45]} {[%emt 00:00:12]} h3 {[%clk 00:01:24]}
{[%emt 00:00:43]} 47. Kf3 {[%clk 00:03:07]} {[%emt 00:00:08]} Kg5 {[%clk
00:01:47]} {[%emt 00:00:08]} 48. Kg3 {[%clk 00:03:24]} {[%emt 00:00:12]} h2
{[%clk 00:02:09]} {[%emt 00:00:08]} 49. Kxh2 {[%clk 00:03:48]} {[%emt
00:00:06]} Kf4 {[%clk 00:02:20]} {[%emt 00:00:19]} 50. Kh3 {[%clk 00:10:40]}
{[%emt 00:08:38]} Ke3 {[%clk 00:16:56]} {[%emt 00:00:54]} 51. Kh4 {[%clk
00:11:04]} {[%emt 00:00:07]} Kd2 {[%clk 00:17:04]} {[%emt 00:00:21]} 52. Kxh5
{[%clk 00:11:28]} {[%emt 00:00:06]} Kxc2 {[%clk 00:17:23]} {[%emt 00:00:12]}
53. Kg6 {[%clk 00:11:51]} {[%emt 00:00:07]} Kxb2 {[%clk 00:17:10]} {[%emt
00:00:42]} 54. Na4+ {[%emt 00:00:21]} Kb3 {[%clk 00:16:29]} {[%emt 00:01:07]}
55. Nb6 {[%clk 00:12:28]} {[%emt 00:00:07]} Kb4 {[%clk 00:15:00]} {[%emt
00:01:59]} 56. Kf5 {[%clk 00:12:05]} {[%emt 00:00:51]} Kc5 {[%clk 00:14:24]}
{[%emt 00:01:07]} 57. Na4+ {[%clk 00:10:15]} {[%emt 00:02:20]} Kd4 {[%clk
00:13:49]} {[%emt 00:01:06]} 58. Nb2 {[%clk 00:03:01]} {[%emt 00:07:44]} d5
{[%clk 00:10:32]} {[%emt 00:03:47]} 59. exd5 {[%clk 00:03:06]} {[%emt
00:00:25]} Kxd5 {[%clk 00:10:53]} {[%emt 00:00:09]} 60. Kg4 {[%clk 00:03:20]}
{[%emt 00:00:09]} Kd4 {[%clk 00:10:08]} {[%emt 00:01:21]} 61. Kf3 {[%clk
00:03:34]} {[%emt 00:00:16]} Kc3 {[%clk 00:07:01]} {[%emt 00:03:37]} 62. Na4+
{[%clk 00:02:59]} {[%emt 00:01:05]} Kb4 {[%clk 00:06:57]} {[%emt 00:00:35]} 63.
Nb6 {[%clk 00:03:12]} {[%emt 00:00:17]} Kb5 {[%clk 00:06:09]} {[%emt 00:01:18]}
64. Nd5 {[%clk 00:02:58]} {[%emt 00:00:42]} Kc4 {[%clk 00:05:02]} {[%emt
00:01:38]} 65. Ke4 {[%clk 00:02:56]} {[%emt 00:00:32]} a5 {[%clk 00:04:58]}
{[%emt 00:00:34]} 66. Kxe5 {[%clk 00:03:17]} {[%emt 00:00:09]} Kd3 {[%clk
00:02:38]} {[%emt 00:02:50]} 67. Nb6 {[%clk 00:03:33]} {[%emt 00:00:14]} Kc3
{[%clk 00:02:48]} {[%emt 00:00:20]} 68. Kd5 {[%clk 00:03:58]} {[%emt 00:00:06]}
1/2-1/2

[Event "DEM U10 2024"]
[Site "Willingen GER"]
[Date "2024.05.22"]
[Round "7"]
[White "Sutharjan, Dakxwin"]
[Black "Bergmann, Rafael Antonio"]
[Result "0-1"]
[Termination "normal"]
[Board "10"]
[WhiteElo "1769"]
[BlackElo "1776"]
[WhiteClock "00:26:24"]
[BlackClock "00:29:01"]
[PlyCount "122"]
[WhiteFideId "34606548"]
[BlackFideId "34635076"]
[EventCountry "GER"]
[EventRounds "11"]
[EventType "swiss"]
[EventDate "2024.05.18"]

1. e4 {[%clk 01:15:46]} {[%emt 00:00:13]} e5 {[%clk 01:15:51]} {[%emt
00:00:09]} 2. Nf3 {[%clk 01:16:08]} {[%emt 00:00:08]} Nc6 {[%clk 01:16:15]}
{[%emt 00:00:06]} 3. d4 {[%clk 01:16:34]} {[%emt 00:00:05]} exd4 {[%clk
01:16:35]} {[%emt 00:00:10]} 4. Nxd4 {[%clk 01:16:57]} {[%emt 00:00:06]} Nf6
{[%clk 01:16:32]} {[%emt 00:00:33]} 5. Nxc6 {[%clk 01:17:20]} {[%emt 00:00:08]}
bxc6 {[%clk 01:16:57]} {[%emt 00:00:05]} 6. e5 {[%clk 01:17:45]} {[%emt
00:00:04]} Qe7 {[%clk 01:17:18]} {[%emt 00:00:08]} 7. Qe2 {[%clk 01:18:11]}
{[%emt 00:00:05]} Nd5 {[%clk 01:17:41]} {[%emt 00:00:07]} 8. h4 {[%clk
01:18:37]} {[%emt 00:00:05]} h6 {[%clk 01:12:18]} {[%emt 00:05:53]} 9. c4
{[%clk 01:16:27]} {[%emt 00:02:39]} Ba6 {[%clk 01:08:11]} {[%emt 00:04:37]} 10.
b3 {[%clk 01:11:44]} {[%emt 00:05:13]} g6 {[%clk 01:05:36]} {[%emt 00:03:04]}
11. g3 {[%clk 01:05:40]} {[%emt 00:06:36]} Bg7 {[%clk 01:02:48]} {[%emt
00:03:17]} 12. Bb2 {[%clk 01:05:54]} {[%emt 00:00:16]} d6 {[%clk 00:59:37]}
{[%emt 00:03:41]} 13. Bg2 {[%clk 01:01:43]} {[%emt 00:04:41]} O-O {[%clk
00:54:49]} {[%emt 00:05:18]} 14. O-O {[%clk 00:59:48]} {[%emt 00:02:25]} dxe5
{[%clk 00:53:00]} {[%emt 00:02:19]} 15. Ba3 {[%clk 00:55:45]} {[%emt 00:04:33]}
Qe6 {[%clk 00:50:13]} {[%emt 00:03:17]} 16. Bxf8 {[%clk 00:53:57]} {[%emt
00:02:19]} Rxf8 {[%clk 00:49:35]} {[%emt 00:01:07]} 17. Nd2 {[%clk 00:47:20]}
{[%emt 00:07:07]} Nc3 {[%clk 00:43:20]} {[%emt 00:06:44]} 18. Qe3 {[%clk
00:46:48]} {[%emt 00:01:03]} e4 {[%clk 00:40:58]} {[%emt 00:02:52]} 19. Rfc1
{[%clk 00:46:15]} {[%emt 00:01:03]} Bd4 {[%clk 00:38:57]} {[%emt 00:02:30]} 20.
Qe1 {[%clk 00:39:21]} {[%emt 00:07:24]} e3 {[%clk 00:36:29]} {[%emt 00:02:59]}
21. fxe3 {[%clk 00:39:28]} {[%emt 00:00:23]} Qxe3+ {[%clk 00:32:30]} {[%emt
00:04:29]} 22. Kh2 {[%clk 00:35:59]} {[%emt 00:03:59]} Ne2 {[%clk 00:31:53]}
{[%emt 00:01:06]} 23. Bxc6 {[%clk 00:31:49]} {[%emt 00:04:41]} Nxc1 {[%clk
00:31:13]} {[%emt 00:01:10]} 24. Rxc1 {[%clk 00:30:53]} {[%emt 00:01:27]} Rd8
{[%clk 00:25:23]} {[%emt 00:06:19]} 25. Ne4 {[%clk 00:27:31]} {[%emt 00:03:52]}
Qxe1 {[%clk 00:24:40]} {[%emt 00:01:12]} 26. Rxe1 {[%clk 00:27:20]} {[%emt
00:00:42]} f5 {[%clk 00:25:04]} {[%emt 00:00:06]} 27. Bd5+ {[%clk 00:27:44]}
{[%emt 00:00:06]} Kh8 {[%clk 00:24:36]} {[%emt 00:00:57]} 28. Nd2 {[%clk
00:27:11]} {[%emt 00:01:04]} Bc3 {[%clk 00:25:00]} {[%emt 00:00:06]} 29. Re6
{[%clk 00:27:14]} {[%emt 00:00:26]} Bc8 {[%clk 00:24:49]} {[%emt 00:00:42]} 30.
Re2 {[%clk 00:27:11]} {[%emt 00:00:33]} Bxd2 {[%clk 00:25:12]} {[%emt
00:00:06]} 31. Rxd2 {[%clk 00:27:24]} {[%emt 00:00:18]} c6 {[%clk 00:25:30]}
{[%emt 00:00:12]} 32. Re2 {[%clk 00:27:30]} {[%emt 00:00:24]} cxd5 {[%clk
00:25:54]} {[%emt 00:00:07]} 33. cxd5 {[%clk 00:27:56]} {[%emt 00:00:04]} Kg7
{[%clk 00:25:46]} {[%emt 00:00:37]} 34. Re7+ {[%clk 00:27:59]} {[%emt
00:00:26]} Kf6 {[%clk 00:26:00]} {[%emt 00:00:16]} 35. Rxa7 {[%clk 00:28:17]}
{[%emt 00:00:14]} Rxd5 {[%clk 00:26:23]} {[%emt 00:00:07]} 36. b4 {[%clk
00:27:22]} {[%emt 00:01:24]} Rd2+ {[%clk 00:26:26]} {[%emt 00:00:26]} 37. Kg1
{[%clk 00:27:31]} {[%emt 00:00:21]} Rb2 {[%clk 00:26:19]} {[%emt 00:00:37]} 38.
a3 {[%clk 00:27:51]} {[%emt 00:00:11]} Be6 {[%clk 00:25:57]} {[%emt 00:00:51]}
39. Ra5 {[%clk 00:28:02]} {[%emt 00:00:20]} Bd7 {[%clk 00:25:41]} {[%emt
00:00:45]} 40. Ra6+ {[%clk 00:27:38]} {[%emt 00:00:56]} Be6 {[%clk 00:25:01]}
{[%emt 00:01:09]} 41. Ra5 {[%clk 00:27:43]} {[%emt 00:00:25]} Bc4 {[%clk
00:24:30]} {[%emt 00:01:01]} 42. Rc5 {[%clk 00:27:28]} {[%emt 00:00:46]} Rc2
{[%clk 00:24:48]} {[%emt 00:00:11]} 43. Rc6+ {[%clk 00:27:30]} {[%emt
00:00:28]} Kf7 {[%clk 00:25:04]} {[%emt 00:00:13]} 44. Rc7+ {[%clk 00:27:47]}
{[%emt 00:00:14]} Ke8 {[%clk 00:25:27]} {[%emt 00:00:06]} 45. Rc6 {[%clk
00:28:13]} {[%emt 00:00:04]} Rg2+ {[%clk 00:24:55]} {[%emt 00:01:02]} 46. Kxg2
{[%clk 00:27:47]} {[%emt 00:00:57]} Bd5+ {[%clk 00:25:14]} {[%emt 00:00:12]}
47. Kf2 {[%clk 00:26:26]} {[%emt 00:01:50]} Bxc6 {[%clk 00:25:37]} {[%emt
00:00:07]} 48. Ke3 {[%clk 00:26:51]} {[%emt 00:00:06]} Kd7 {[%clk 00:25:57]}
{[%emt 00:00:09]} 49. Kf4 {[%clk 00:26:43]} {[%emt 00:00:38]} Ke6 {[%clk
00:26:06]} {[%emt 00:00:20]} 50. Ke3 {[%clk 00:24:49]} {[%emt 00:02:26]} Ke5
{[%clk 00:26:19]} {[%emt 00:00:16]} 51. Kf2 {[%clk 00:25:08]} {[%emt 00:00:11]}
f4 {[%clk 00:26:38]} {[%emt 00:00:11]} 52. gxf4+ {[%clk 00:25:18]} {[%emt
00:00:21]} Kxf4 {[%clk 00:27:02]} {[%emt 00:00:06]} 53. h5 {[%clk 00:25:34]}
{[%emt 00:00:13]} g5 {[%clk 00:27:26]} {[%emt 00:00:06]} 54. Kg1 {[%clk
00:25:59]} {[%emt 00:00:05]} Kg3 {[%clk 00:27:34]} {[%emt 00:00:21]} 55. Kf1
{[%clk 00:25:02]} {[%emt 00:01:28]} Kh2 {[%clk 00:27:59]} {[%emt 00:00:05]} 56.
Kf2 {[%clk 00:24:50]} {[%emt 00:00:42]} g4 {[%clk 00:28:17]} {[%emt 00:00:12]}
57. Ke3 {[%clk 00:25:16]} {[%emt 00:00:04]} g3 {[%clk 00:28:40]} {[%emt
00:00:07]} 58. Kf4 {[%clk 00:25:45]} g2 {[%clk 00:29:00]} {[%emt 00:00:10]} 59.
Kf5 {[%clk 00:26:08]} {[%emt 00:00:07]} g1=Q {[%clk 00:29:22]} {[%emt
00:00:07]} 60. Ke6 {[%clk 00:26:29]} {[%emt 00:00:10]} Qd4 {[%clk 00:29:42]}
{[%emt 00:00:09]} 61. Kf7 {[%clk 00:26:24]} {[%emt 00:00:39]} Qd6 {[%clk
00:29:01]} {[%emt 00:01:11]} 0-1

[Event "DEM U10 2024"]
[Site "Willingen GER"]
[Date "2024.05.22"]
[Round "7"]
[White "Ding, Jerry Yunjie"]
[Black "Zielke, Mika"]
[Result "1-0"]
[Termination "normal"]
[Board "11"]
[WhiteElo "1650"]
[BlackElo "1589"]
[WhiteClock "00:19:16"]
[BlackClock "00:20:38"]
[PlyCount "75"]
[WhiteFideId "34614869"]
[BlackFideId "34661816"]
[EventCountry "GER"]
[EventRounds "11"]
[EventType "swiss"]
[EventDate "2024.05.18"]

1. d4 {[%clk 01:15:59]} Nf6 {[%clk 01:15:44]} {[%emt 00:00:17]} 2. c4 {[%clk
01:16:23]} {[%emt 00:00:05]} e6 {[%clk 01:16:08]} {[%emt 00:00:07]} 3. Nc3
{[%clk 01:16:48]} {[%emt 00:00:04]} Bb4 {[%clk 01:16:16]} {[%emt 00:00:22]} 4.
Qc2 {[%clk 01:16:52]} {[%emt 00:00:26]} O-O {[%clk 01:16:22]} {[%emt 00:00:25]}
5. e4 {[%clk 01:16:48]} {[%emt 00:00:34]} d5 {[%clk 01:13:10]} {[%emt
00:03:42]} 6. e5 {[%clk 01:14:08]} {[%emt 00:03:10]} Ne4 {[%clk 01:12:51]}
{[%emt 00:00:49]} 7. a3 {[%clk 01:14:03]} {[%emt 00:00:35]} Bxc3+ {[%clk
01:12:32]} {[%emt 00:00:48]} 8. bxc3 {[%clk 01:14:25]} {[%emt 00:00:09]} f5
{[%clk 01:07:23]} {[%emt 00:05:39]} 9. Nf3 {[%clk 01:09:27]} {[%emt 00:05:28]}
b6 {[%clk 01:04:57]} {[%emt 00:02:56]} 10. Bd3 {[%clk 01:05:59]} {[%emt
00:03:57]} Nd7 {[%clk 01:01:02]} {[%emt 00:04:24]} 11. O-O {[%clk 01:05:30]}
{[%emt 00:01:00]} c5 {[%clk 00:56:25]} {[%emt 00:05:07]} 12. Nd2 {[%clk
00:47:15]} {[%emt 00:18:46]} Bb7 {[%clk 00:48:33]} {[%emt 00:08:22]} 13. cxd5
{[%clk 00:44:28]} {[%emt 00:03:17]} exd5 {[%clk 00:45:55]} {[%emt 00:03:08]}
14. f3 {[%clk 00:40:37]} {[%emt 00:04:21]} Nxd2 {[%clk 00:40:40]} {[%emt
00:05:44]} 15. Bxd2 {[%clk 00:40:36]} {[%emt 00:00:31]} cxd4 {[%clk 00:40:22]}
{[%emt 00:00:48]} 16. cxd4 {[%clk 00:40:29]} {[%emt 00:00:37]} Rc8 {[%clk
00:38:26]} {[%emt 00:02:26]} 17. Qb1 {[%clk 00:35:07]} {[%emt 00:05:53]} Qh4
{[%clk 00:36:19]} {[%emt 00:02:35]} 18. f4 {[%clk 00:31:29]} {[%emt 00:04:09]}
g6 {[%clk 00:34:57]} {[%emt 00:01:51]} 19. Bb5 {[%clk 00:25:27]} {[%emt
00:06:33]} Bc6 {[%clk 00:30:13]} {[%emt 00:05:15]} 20. Ba6 {[%clk 00:24:41]}
{[%emt 00:01:16]} Rc7 {[%clk 00:26:15]} {[%emt 00:04:27]} 21. Bb4 {[%clk
00:24:14]} {[%emt 00:00:58]} Re8 {[%clk 00:23:29]} {[%emt 00:03:14]} 22. Bd6
{[%clk 00:24:04]} {[%emt 00:00:41]} Nb8 {[%clk 00:22:08]} {[%emt 00:01:52]} 23.
Bxc7 {[%clk 00:23:19]} {[%emt 00:01:14]} Nxa6 {[%clk 00:22:36]} {[%emt
00:00:03]} 24. Bd6 {[%clk 00:22:02]} {[%emt 00:01:46]} Bb7 {[%clk 00:21:51]}
{[%emt 00:01:15]} 25. Qb5 {[%clk 00:18:30]} {[%emt 00:04:02]} Qd8 {[%clk
00:20:49]} {[%emt 00:01:30]} 26. Rac1 {[%clk 00:16:51]} {[%emt 00:02:11]} Nb8
{[%clk 00:20:25]} {[%emt 00:00:54]} 27. Rc7 {[%clk 00:16:16]} {[%emt 00:01:05]}
Ba6 {[%clk 00:20:12]} {[%emt 00:00:44]} 28. Qxd5+ {[%clk 00:16:41]} {[%emt
00:00:05]} Kh8 {[%clk 00:19:49]} {[%emt 00:00:53]} 29. Qf7 {[%clk 00:16:58]}
{[%emt 00:00:12]} Re7 {[%clk 00:19:36]} {[%emt 00:00:43]} 30. Rxe7 {[%clk
00:17:06]} {[%emt 00:00:21]} Qxe7 {[%clk 00:19:48]} {[%emt 00:00:20]} 31. Bxe7
{[%clk 00:17:30]} {[%emt 00:00:05]} Nd7 {[%clk 00:20:02]} {[%emt 00:00:16]} 32.
e6 {[%clk 00:17:49]} {[%emt 00:00:11]} Bc4 {[%clk 00:20:13]} {[%emt 00:00:19]}
33. Qe8+ {[%clk 00:17:57]} {[%emt 00:00:22]} Kg7 {[%clk 00:19:54]} {[%emt
00:00:49]} 34. exd7 {[%clk 00:18:22]} {[%emt 00:00:05]} Kh6 {[%clk 00:19:59]}
{[%emt 00:00:25]} 35. Qf8+ {[%clk 00:18:34]} {[%emt 00:00:17]} Kh5 {[%clk
00:20:18]} {[%emt 00:00:12]} 36. Qg7 {[%clk 00:18:24]} {[%emt 00:00:40]} Bxf1
{[%clk 00:20:21]} {[%emt 00:00:27]} 37. Qxh7+ {[%clk 00:18:50]} {[%emt
00:00:05]} Kg4 {[%clk 00:20:38]} {[%emt 00:00:13]} 38. Qh4# {[%clk 00:19:16]}
{[%emt 00:00:03]} 1-0

[Event "DEM U10 2024"]
[Site "Willingen GER"]
[Date "2024.05.22"]
[Round "7"]
[White "Barsov, Mikhail"]
[Black "Nikolic, Luka"]
[Result "1-0"]
[Termination "normal"]
[Board "12"]
[WhiteElo "1708"]
[BlackElo "1145"]
[WhiteClock "00:49:10"]
[BlackClock "00:28:34"]
[PlyCount "63"]
[WhiteFideId "34623906"]
[BlackFideId "34655123"]
[EventCountry "GER"]
[EventRounds "11"]
[EventType "swiss"]
[EventDate "2024.05.18"]

1. e4 {[%clk 01:15:59]} {[%emt 00:00:01]} c6 {[%clk 01:15:56]} {[%emt
00:00:04]} 2. d4 {[%clk 01:16:27]} {[%emt 00:00:02]} d5 {[%clk 01:16:20]}
{[%emt 00:00:05]} 3. Nc3 {[%clk 01:16:54]} {[%emt 00:00:04]} dxe4 {[%clk
01:16:43]} {[%emt 00:00:07]} 4. Nxe4 {[%clk 01:17:21]} {[%emt 00:00:04]} Bf5
{[%clk 01:17:06]} {[%emt 00:00:07]} 5. Ng3 {[%clk 01:17:48]} {[%emt 00:00:03]}
Bg6 {[%clk 01:17:28]} {[%emt 00:00:07]} 6. Nf3 {[%clk 01:18:15]} {[%emt
00:00:04]} Nf6 {[%clk 01:17:42]} {[%emt 00:00:15]} 7. h4 {[%clk 01:15:38]}
{[%emt 00:03:08]} h5 {[%clk 01:17:42]} {[%emt 00:00:29]} 8. Ne5 {[%clk
01:15:30]} {[%emt 00:00:38]} Be4 {[%clk 01:15:14]} {[%emt 00:02:59]} 9. Nxe4
{[%clk 01:14:56]} {[%emt 00:01:03]} Nxe4 {[%clk 01:15:31]} {[%emt 00:00:13]}
10. c3 {[%clk 01:13:00]} {[%emt 00:02:26]} Nd7 {[%clk 01:14:53]} {[%emt
00:01:07]} 11. Nxd7 {[%clk 01:07:34]} {[%emt 00:05:58]} Qxd7 {[%clk 00:47:21]}
{[%emt 00:28:02]} 12. Qc2 {[%clk 01:07:39]} {[%emt 00:00:25]} Nd6 {[%clk
00:46:02]} {[%emt 00:01:48]} 13. g3 {[%clk 01:03:23]} {[%emt 00:04:46]} O-O-O
{[%clk 00:45:54]} {[%emt 00:00:38]} 14. Bh3 {[%clk 01:03:43]} {[%emt 00:00:08]}
e6 {[%clk 00:46:15]} {[%emt 00:00:12]} 15. Bd2 {[%clk 01:02:29]} {[%emt
00:01:42]} Kb8 {[%clk 00:46:13]} {[%emt 00:00:33]} 16. O-O-O {[%clk 01:02:19]}
{[%emt 00:00:40]} Nc4 {[%clk 00:45:12]} {[%emt 00:01:31]} 17. Bf4+ {[%clk
01:02:09]} {[%emt 00:00:39]} Bd6 {[%clk 00:45:22]} {[%emt 00:00:21]} 18. Bxd6+
{[%clk 01:02:14]} {[%emt 00:00:25]} Qxd6 {[%clk 00:44:02]} {[%emt 00:01:51]}
19. Qb3 {[%clk 00:59:58]} {[%emt 00:02:44]} Na5 {[%clk 00:44:13]} {[%emt
00:00:20]} 20. Qa4 {[%clk 00:56:46]} {[%emt 00:03:43]} b6 {[%clk 00:43:48]}
{[%emt 00:00:55]} 21. Bg2 {[%clk 00:55:52]} {[%emt 00:01:24]} Rc8 {[%clk
00:42:45]} {[%emt 00:01:32]} 22. Kb1 {[%clk 00:54:17]} {[%emt 00:02:06]} Rh6
{[%clk 00:38:07]} {[%emt 00:05:08]} 23. c4 {[%clk 00:52:50]} {[%emt 00:01:57]}
Qc7 {[%clk 00:37:48]} {[%emt 00:00:48]} 24. Rc1 {[%clk 00:49:49]} {[%emt
00:03:32]} Rf6 {[%clk 00:36:44]} {[%emt 00:01:33]} 25. Rc2 {[%clk 00:48:53]}
{[%emt 00:01:26]} b5 {[%clk 00:32:30]} {[%emt 00:04:43]} 26. cxb5 {[%clk
00:49:03]} {[%emt 00:00:22]} cxb5 {[%clk 00:32:28]} {[%emt 00:00:32]} 27. Qxb5+
{[%clk 00:49:09]} {[%emt 00:00:23]} Qb6 {[%clk 00:32:20]} {[%emt 00:00:38]} 28.
Qe5+ {[%clk 00:48:46]} {[%emt 00:00:50]} Rc7 {[%clk 00:31:57]} {[%emt
00:00:56]} 29. Rhc1 {[%clk 00:48:50]} {[%emt 00:00:26]} Nb7 {[%clk 00:28:18]}
{[%emt 00:04:09]} 30. Rxc7 {[%clk 00:48:50]} {[%emt 00:00:30]} a5 {[%clk
00:28:11]} {[%emt 00:00:37]} 31. Rxb7+ {[%clk 00:49:10]} {[%emt 00:00:09]} Ka8
{[%clk 00:28:34]} {[%emt 00:00:08]} 32. Rc8# {[%emt 00:00:05]} 1-0